| 000 | 00748nam a2200229 a 4500 | ||
|---|---|---|---|
| 001 | 4712 | ||
| 003 | CDMR | ||
| 005 | 20151026133602.0 | ||
| 008 | 130130s2000||||sp |||||||||||||||||spa|d | ||
| 020 | _a8432310409 | ||
| 040 |
_aCDMR _bcat _cCDMR |
||
| 100 | 1 |
_93250 _aBerners-Lee, Tim |
|
| 245 | 1 | 0 |
_aTejiendo la Red _b: el inventor del World Wide Web nos descubre su origen _cpor Tim Berners-Lee, con Mark Fischetti ; prefacio de Michael Dertouzos ; prólogo de Javier Solá |
| 260 |
_aMadrid _bSiglo XXI de España _c2000 |
||
| 300 | _a237 p. | ||
| 490 | 0 | _aEl hombre y sus obras | |
| 650 | 0 | 4 |
_93364 _aTecnologia de la informació |
| 650 | 0 | 4 |
_94302 _aInternet _xHistòria |
| 650 | 0 | 4 |
_93251 _aWeb |
| 700 | 1 |
_93253 _aSolá, Javier |
|
| 942 |
_cMON _2udc |
||
| 999 |
_c4712 _d4712 |
||